Out of Doors in England (Record no. 477)

MARC details
000 -LEADER
fixed length control field 00585nam a2200241 a 4500
020 ## - INTERNATIONAL STANDARD BOOK NUMBER
ISBN
082 00 - DEWEY DECIMAL CLASSIFICATION NUMBER
Classification number 914.404
Author Cutter TUR
100 ## - MAIN ENTRY--AUTHOR NAME
Author name Turle, James
245 ## - TITLE STATEMENT
Title Out of Doors in England
260 ## - PUBLICATION, DISTRIBUTION, ETC. (IMPRINT)
Place of publication London
Name of publisher Constable and Company Ltd.
Year of publication 1937
300 ## - PHYSICAL DESCRIPTION
Number of Pages 307p
500 ## - GENERAL NOTE
General note includes index and biblioraphy
505 2# - FORMATTED CONTENTS NOTE
Formatted contents note Ill,
650 ## - SUBJECT ADDED ENTRY--TOPICAL TERM
Topical Term England-Description and Travel
942 ## - ADDED ENTRY ELEMENTS (KOHA)
Koha item type Books
700 1# -
-- Turle, James
Holdings
Collection code Home library Current library Date acquired Cost, normal purchase price Full call number Accession Number Koha item type
  Henry Martyn Institute Library Henry Martyn Institute Library 09/30/2010 100.00 914.404 TUR 03250 Books
                   Copyright © 2026 | Henry Martyn Institute | Hyderabad | TS-500052 | INDIA | Implemented by hmi.edu.in
Hit-Count:

Powered by Koha